Statistics for Musical Instruments

Click here to take the quiz!

General Stats

  • This quiz has been taken 160 times
    (138 since last reset)
  • The average score is 10 of 17

Answer Stats

HintAnswer% Correct
Smallest member of the orchestral strings familyViolin
95%
Keyboard instrument often found in churchesPipe Organ
93%
Stringed instrument most often tuned to E-A-G-DDouble Bass
86%
The instrument played by Emmanuel PahudFlute
84%
Woodwind instrument invented in the classical era and favoured by MozartClarinet
83%
Instrument invented by Adolphe SaxSaxophone
82%
A smaller, higher pitched instrument similar to ^Piccolo
76%
Family of instruments including marimba and guiroPercussion
75%
Brass instrument with a large, often detachable bell and rotary valvesFrench Horn
59%
Keyboard instrument commonly featured in Baroque music, precursor of the pianoHarpsichord
59%
Percussion instrument often tuned to tonic and dominant in Classical musicTimpani
50%
Instrument of Australian origin, a wooden tubeDidgeridoo
44%
A double reed instrument pitched a perfect fifth below the oboeCor Anglais
43%
Family of instruments which can play 'spiccato'Strings
42%
Medieval woodwind instrument used as a soloist in Bach's Brandenburg Concerto No.2Recorder
27%
Member of the double reeds family which transposes down an octaveContrabassoon
26%
Famously plays the ostinato in Ravel's BoleroSnare drum
18%

Score Distribution

Percentile by Number Answered

Percent of People with Each Score

Your Score History

You have not taken this quiz since the last reset